000 00346nam a2200157Ia 4500
003 OSt
005 20231223043458.0
008 170524s9999 xx 000 0 und d
020 _a8182830923
040 _cIIMT UNIVERSITY
100 _aGARG VIJAY
245 0 _aELECTRICAL ENGINEERING
260 _bKrishana
260 _c2009
942 _2ddc
_c02
999 _c5758
_d5758